LEADER 01058nam0-22003131i-450- 001 990003851210403321 005 20080111090737.0 035 $a000385121 035 $aFED01000385121 035 $a(Aleph)000385121FED01 035 $a000385121 100 $a20030910d1963----km-y0itay50------ba 101 0 $afre 102 $aIT 200 1 $a<>progrès social par l'aménagement des collectivités$fNations Unies. Direction des Affaires Sociales. 210 $aParis$cInstitut pour le developpement économique$cBanque internationale pour la reconstruction et le developpement$d1963. 215 $avi, 140 p.$cill.$d21 cm 610 0 $aPianificazione 610 0 $aSviluppo economico$aAspetti sociali 676 $a17700 676 $aF/3.2 710 02$aUnited Nations. Department of Social Affairs$0142247 801 0$aIT$bUNINA$gRICA$2UNIMARC 901 $aBK 912 $a990003851210403321 952 $a17700 NAT$b039978/148$fSES 959 $aSES 996 $aProgrès social par l'aménagement des collectivités$9515333 997 $aUNINA LEADER 03162oas 2201081 a 450 001 9910138152703321 005 20260218110704.0 035 $a(DE-599)ZDB2070848-8 035 $a(OCoLC)60639348 035 $a(CONSER) 2013263097 035 $a(CKB)110978976481853 035 $a(DE-599)2070848-8 035 $a(EXLCZ)99110978976481853 100 $a20050615b19992010 uy a 101 0 $aeng 135 $aurcn||||||||| 181 $ctxt$2rdacontent 182 $cc$2rdamedia 183 $acr$2rdacarrier 200 00$aManagement for strategic business ideas 210 $a[Hamilton, Ont.] $c[CMA Canada] 210 3 $aMississauga, Ont. $cCMA Canada 311 08$a1490-4225 517 1 $aManagement des strate?gies a? de?couvrir 517 1 $aCMA management 517 1 $aManagement 517 1 $aCMA management for strategic business ideas 606 $aCost accounting$vPeriodicals 606 $aManagerial accounting$vPeriodicals 606 $aAccounting$zCanada$vPeriodicals 606 $aCost accounting$vPeriodicals 606 $aManagerial accounting$vPeriodicals 606 $aAccounting$zCanada$xPeriodicals 606 $aComptabilite? analytique$xPe?riodiques 606 $aComptabilite? de gestion$xPe?riodiques 606 $aComptabilite?$zCanada$xPe?riodiques 606 $aComptabilite? analytique$vPe?riodiques 606 $aComptabilite? de gestion$vPe?riodiques 606 $aAccounting$2fast 606 $aCost accounting$2fast 606 $aManagerial accounting$2fast 606 $aManagement accounting$2gtt 607 $aCanada$2fast$1https://id.oclc.org/worldcat/entity/E39PBJkMHVW4rfVXPrhVP4VwG3 608 $aPeriodicals$2fast 615 0$aCost accounting 615 0$aManagerial accounting 615 0$aAccounting 615 0$aCost accounting 615 0$aManagerial accounting 615 0$aAccounting$xPeriodicals. 615 6$aComptabilite? analytique$xPe?riodiques. 615 6$aComptabilite? de gestion$xPe?riodiques. 615 6$aComptabilite?$xPe?riodiques. 615 6$aComptabilite? analytique 615 6$aComptabilite? de gestion 615 7$aAccounting 615 7$aCost accounting 615 7$aManagerial accounting 615 17$aManagement accounting. 676 $a658.1/511/05 676 $a657 686 $acci1icc$2lacc 686 $acoll11$2lacc 686 $acollissn$2lacc 686 $acoll29$2lacc 686 $acoll108$2lacc 712 02$aSociety of Management Accountants of Canada 801 0$bOCLCS 801 1$bOCLCS 801 2$bCO3 801 2$bOCLCQ 801 2$bTXA 801 2$bOCLCE 801 2$bOCLCQ 801 2$bTXA 801 2$bOCLCF 801 2$bOCLCO 801 2$bOCLCQ 801 2$bCUD 801 2$bOCLCO 801 2$bOCLCQ 801 2$bVT2 801 2$bOCLCO 801 2$bUAB 801 2$bNLC 801 2$bOCLCQ 801 2$bOCLCL 801 2$bNLC 801 2$bOCLCL 906 $aJOURNAL 912 $a9910138152703321 996 $aManagement for strategic business ideas$9984330 997 $aUNINA